Logo BPK

Biblioteka

Politechniki Koszalińskiej

Zarzura : (Rekord nr 50605)

Szczegóły MARC
000 -ETYKIETA REKORDU
podpole kontrolne o stałej długości 00967nam a2200241 i 4500
001 - NUMER KONTROLNY REKORDU
pole kontrolne bgj
020 ## - MIĘDZYNARODOWY ZNORMALIZOWANY NUMER KSIĄŻKI - ISBN
ISBN 3936298041
040 ## - ŹRÓDŁO KATALOGOWANIA
Instytucja, która utworzyła rekord BPK
041 0# - KOD JĘZYKA
Kod języka tekstu ger
920 ## - Międzynarodowy znormalizowany numer książki – ISBN
ISBN 3-936298-04-1
008 - POLE O STAŁEJ DŁUGOŚCI - DANE KONTROLNE
podpole kontrolne o stałej długości s gw f |000 0 ger
100 1# - NAZWA OSOBOWA
Nazwa osobowa BERMANN, Richard
245 10 - TYTUŁ/ODPOWIEDZIALNOŚĆ
Tytuł Zarzura :
Ciąg dalszy tytułu die Oase der kleinen Vögel : Die Geschichte einer Expedition in die Libysche Wüste : Mit 137 Aufnahmen von Hans Casparius, dem Originaltagebuch dieser Tage, einer Karte von Dr. Ladislaus Kadar sowie einem Nachwort /
Pozostałe elementy strefy tytułu i oznaczenia odpowiedzialności Richard Arnold Bermann alias Arnold Höllriegel ; Herausgegeben von Michael Farin und Andreas Stuhlmann.
260 ## - STREFA ADRESU WYDAWNICZEGO
Miejsce wydania München :
Nazwa wydawcy/dystrybutora Belleville,
Data publikacji, dystrybucji/powstania dokumentu c. 2003.
300 ## - STREFA OPISU FIZYCZNEGO
Objętość 279, [1] S. :
Inne cechy fizyczne Ill. ;
Rozmiary 24 cm.
651 #9 - HASŁO PRZEDMIOTOWE W FORMIE NAZWY GEOGRAFICZNEJ
Nazwa geograficzna Libysche Wüste
Określnik ogólny Expedition
-- Reisebericht, 1933
700 1# - HASŁO DODATKOWE - NAZWA OSOBOWA
Nazwa osobowa CASPARIUS, Hans
700 1# - HASŁO DODATKOWE - NAZWA OSOBOWA
Nazwa osobowa KADAR, Ladislaus
700 1# - HASŁO DODATKOWE - NAZWA OSOBOWA
Nazwa osobowa FARIN, Michael.
Określenie związku między hasłem a opisywanym materiałem Hrsg.
700 1# - HASŁO DODATKOWE - NAZWA OSOBOWA
Nazwa osobowa STUHLMANN, Andreas.
Określenie związku między hasłem a opisywanym materiałem Hrsg.
700 1# - HASŁO DODATKOWE - NAZWA OSOBOWA
Nazwa osobowa HÖLLRIEGEL, Arnold
856 ## - LOKALIZACJA I DOSTĘP DO ELEKTRONICZNYCH DOKUMENTÓW ZDALNYCH
Link (URL) http://koha.tu.koszalin.pl/cgi-bin/koha/opac-detail.pl?biblionumber=50605
Tekst linku Katalog online BPK
942 ## - DODATKOWE ELEMENTY (KOHA)
Typ dokumentu Książka
Egzemplarze
Wycofany Status egzemplarza Uszkodzony Dostępność Lokalizacja stała Lokalizacja bieżąca Miejsce przechowywania Sygnatura Kod kreskowy Typ dokumentu
      Dostępny Biblioteka Politechniki Koszalińskiej Biblioteka Politechniki Koszalińskiej Wypożyczalnia Językowa N 607 01580143 Książka
© 2023 Biblioteka Politechniki Koszalińskiej :: KOHA